000 00252nam a2200097Ia 4500
001 1223169
005 20250827092902.0
008 250824s9999 xx 000 0 und d
245 0 _aGİZEMLİ E POSTA
_cBUKET ÇETİN
260 _bALTIN KİTAPLAR YAYINEVİ
999 _c1223169
_d1223169